[Event "Challenge"]
[Site "http://www.queenalice.com/game.php?id=1316358"]
[Date "2014.10.18"]
[Round "-"]
[White "ermes72"]
[Black "tucuman"]
[Result "1-0"]
[WhiteElo "1805"]
[BlackElo "1687"]

1. e3 e5 2. Qh5 d6 3. Bc4 Qf6 4. Qf3 Qxf3 5. Nxf3 h6 6. d4 exd4 7. Nxd4 Bd7 8.
O-O Nc6 9. Nb5 O-O-O 10. a3 Kb8 11. Bxf7 a6 12. Bxg8 Rxg8 13. Nd4 Nxd4 14. exd4
d5 15. Re1 Bd6 16. Nc3 g5 17. Nxd5 h5 18. Nf6 Rg6 19. Nxd7+ Rxd7 20. Re8+ Ka7
21. d5 g4 22. Be3+ b6 23. c4 h4 24. b4 c5 25. bxc5 Bxc5 26. Bxc5 bxc5 27. Rb1
Rb7 28. Rxb7+ Kxb7 29. Re7+ Kb6 30. Rd7 a5 31. a4 g3 32. fxg3 hxg3 33. hxg3 Rxg3
34. Kf2 Rc3 35. Rd6+ Kb7 36. Rd7+ Kb6 37. d6 Kc6 38. Rd8 Rxc4 39. Kf3 Rd4 40. g4
Rxd6 41. Rxd6+ Kxd6 42. Ke3 Ke6 43. Kd3 Kf6 44. Kc4 Kg5 45. Kxc5 Kxg4 46. Kb5
Kf5 47. Kxa5 Ke6 48. Kb6 Kd7 49. Kb7 1-0

[Event "Challenge"]
[Site "http://www.queenalice.com/game.php?id=1317787"]
[Date "2014.10.24"]
[Round "-"]
[White "Andrei_78"]
[Black "ermes72"]
[Result "1-0"]
[WhiteElo "1690"]
[BlackElo "1829"]

1. e4 e5 2. Nf3 f6 3. h3 h5 4. Bc4 c6 5. d3 Bc5 6. O-O Qb6 7. Nc3 Rh6 8. Bxg8
Rg6 9. Na4 Qa5 10. Nxc5 Qxc5 11. Be3 Qe7 12. Nh4 Qf8 13. Bh7 Rh6 14. Bxh6 gxh6
15. Bg6+ Kd8 16. Bxh5 f5 17. Nxf5 d6 18. Ne3 Be6 19. Qe2 Na6 20. a3 Qf4 21. Bg4
Bxg4 22. Qxg4 Kc7 23. Qg7+ Kb6 24. Nc4+ Kc5 25. Qxb7 1-0

[Event "Challenge"]
[Site "http://www.queenalice.com/game.php?id=1322515"]
[Date "2014.11.16"]
[Round "-"]
[White "ermes72"]
[Black "Omar"]
[Result "0-1"]
[WhiteElo "1781"]
[BlackElo "1782"]

1. e3 e5 2. h3 e4 3. Qh5 Nf6 4. Qe5+ Be7 5. Qg5 Bf8 6. Bc4 h6 7. Qf5 d5 8. Qe5+
Be6 9. Be2 Nc6 10. Qf4 Nb4 11. Kd1 a6 12. c3 Nh7 13. cxb4 Bd6 14. Bg4 Bxf4 15.
exf4 Bxg4+ 16. hxg4 Qd6 17. g3 Qxb4 18. a3 Qc5 19. Rh2 O-O-O 20. Nc3 Nf6 21. b4
Qc4 22. Nge2 d4 23. Na4 Qb3+ 24. Ke1 Qxa4 25. g5 Ng4 26. Rh4 h5 27. f5 Qc6 28.
Nf4 e3 29. dxe3 dxe3 30. fxe3 Qc3+ 31. Bd2 Qxa1+ 0-1

[Event "Challenge"]
[Site "http://www.queenalice.com/game.php?id=1324335"]
[Date "2014.11.26"]
[Round "-"]
[White "ermes72"]
[Black "tucuman"]
[Result "1-0"]
[WhiteElo "1782"]
[BlackElo "1782"]

1. e4 e5 2. a3 d6 3. f3 Nc6 4. Bb5 Bd7 5. Ne2 a6 6. Bxc6 Bxc6 7. O-O Nf6 8. Nbc3
h6 9. d4 Be7 10. dxe5 dxe5 11. Qxd8+ Rxd8 12. Ng3 O-O 13. Be3 Bd6 14. Rad1 b5
15. b4 Nh7 16. h4 f6 17. Nf5 Rfe8 18. Nxd6 cxd6 19. Bb6 Rd7 20. Rd3 Nf8 21. Rfd1
Ne6 22. Rxd6 Nd4 23. Rxd7 Bxd7 24. Bxd4 exd4 25. Rxd4 Bc6 26. Rd6 Rc8 27. Ne2
Kf8 28. Nd4 Be8 29. Rxa6 Rb8 30. Ne6+ Kg8 31. Ra7 Bf7 32. Nd4 g6 33. g4 g5 34.
hxg5 fxg5 35. Nf5 Rb6 36. Kf2 Rb8 37. Nxh6+ 1-0

[Event "Challenge"]
[Site "http://www.queenalice.com/game.php?id=1324524"]
[Date "2014.11.26"]
[Round "-"]
[White "ermes72"]
[Black "Andrei_78"]
[Result "1-0"]
[WhiteElo "1806"]
[BlackElo "1597"]

1. c4 e5 2. e4 Nf6 3. f3 Nc6 4. Qa4 a6 5. c5 Bxc5 6. Qc4 Bxg1 7. Rxg1 O-O 8. g4
b5 9. Qc5 Bb7 10. d3 d6 11. Qe3 Nb4 12. Qd2 c5 13. a3 1-0

[Event "Challenge"]
[Site "http://www.queenalice.com/game.php?id=1325021"]
[Date "2014.11.28"]
[Round "-"]
[White "Andrei_78"]
[Black "ermes72"]
[Result "0-1"]
[WhiteElo "1605"]
[BlackElo "1798"]

1. e4 e5 2. Nf3 f6 3. h3 Nc6 4. a3 a5 5. Bb5 Nd4 6. Nxd4 exd4 7. O-O c6 8. Bc4
d5 9. exd5 cxd5 10. Bb5+ Bd7 11. Re1+ Ne7 0-1

[Event "Hermes1"]
[Site "http://www.queenalice.com/game.php?id=1325097"]
[Date "2014.11.29"]
[Round "-"]
[White "ermes72"]
[Black "Equiferus"]
[Result "0-1"]
[WhiteElo "1814"]
[BlackElo "1860"]

1. c4 c5 2. g3 e5 3. e4 Nc6 4. Qh5 Nf6 5. Qf3 Be7 6. Ne2 O-O 7. a3 d6 8. h3 Nd4
9. Nxd4 exd4 10. g4 b6 11. g5 Nd7 12. e5 dxe5 13. Qxa8 Qc7 14. Qg2 Bb7 15. f3 f6
16. g6 h6 17. d3 f5 18. Qg3 f4 19. Qg4 Nf6 20. Qe6+ Kh8 21. Qf5 Bc8 22. Qg4 Bxg4
23. hxg4 Nd7 24. Rh5 Bg5 25. Nd2 Qc6 26. Ne4 Be7 27. b3 Qxg6 28. Bh3 Nf6 29.
Nxf6 Bxf6 30. Ke2 Qe8 31. a4 Kh7 32. Rf5 g6 33. Rxf6 Rxf6 34. Bd2 g5 35. Rg1 a6
36. Bg2 b5 37. axb5 axb5 38. Ra1 bxc4 39. Ra7+ Kg6 40. bxc4 Rb6 41. Bc1 Qb8 42.
Ra2 h5 43. Bh3 Qh8 44. Kd1 hxg4 45. Bg2 Qh2 46. Re2 Qg1+ 47. Kd2 Rb1 48. Re1
Qxg2+ 49. Re2 Qxf3 50. Rxe5 Qe3+ 51. Rxe3 dxe3+ 52. Kc2 Ra1 53. Kb2 e2 54. Kxa1
e1=Q 55. Kb2 f3 0-1

[Event "Challenge"]
[Site "http://www.queenalice.com/game.php?id=1328140"]
[Date "2014.12.14"]
[Round "-"]
[White "dontar"]
[Black "ermes72"]
[Result "0-1"]
[WhiteElo "1726"]
[BlackElo "1819"]

1. e4 e5 2. Nf3 d6 3. d4 f6 4. d5 h5 5. h3 a6 6. Be2 g6 7. h4 Qd7 8. Nc3 b5 9.
b4 c6 10. dxc6 Qxc6 11. Nd5 Be6 12. Qd3 Nd7 13. Be3 Ne7 14. c4 bxc4 15. Qxc4
Qxc4 16. Bxc4 Bxd5 17. exd5 Nf5 18. g3 e4 19. Nd2 Ne5 20. Be2 Nd3+ 21. Bxd3 exd3
22. Ne4 Ke7 23. Kd2 Rb8 24. Rab1 Bh6 25. Kxd3 Bxe3 26. fxe3 Rb5 27. Nc3 Nxg3 28.
Rhg1 Nf5 29. Nxb5 axb5 30. Rgc1 Kd7 31. Rc3 Rc8 32. Rbc1 Rxc3+ 33. Rxc3 Nxh4 34.
Ke4 g5 35. Rc1 f5+ 36. Kd3 Nf3 37. Ke2 g4 38. Rf1 h4 39. Rxf3 gxf3+ 40. Kxf3 Ke7
41. e4 fxe4+ 42. Kxe4 Kf6 43. Kf4 h3 44. Kg3 Ke5 45. Kxh3 Kxd5 46. Kg3 Kc4 0-1

[Event "Hermes2"]
[Site "http://www.queenalice.com/game.php?id=1328287"]
[Date "2014.12.15"]
[Round "-"]
[White "ermes72"]
[Black "Equiferus"]
[Result "1-0"]
[WhiteElo "1800"]
[BlackElo "1865"]

1. e4 d5 2. Qf3 dxe4 3. Qxe4 Nf6 4. Qc4 e5 5. Nf3 Nc6 6. Ng5 Nd5 7. Nc3 Nce7 8.
Nxd5 Nxd5 9. h4 h6 10. Nf3 Nb6 11. Qe4 Bd6 12. b3 O-O 13. g4 f5 14. gxf5 Bxf5
15. Qxb7 Bxc2 16. Qc6 Bh7 17. Bh3 Qe7 18. a4 a5 19. Bg2 Ra7 20. O-O Qf6 21. Bb2
Qf4 22. Qc3 Re8 23. Rae1 c5 24. Nxe5 Rae7 25. Qxa5 Nc8 26. Re3 Ra7 27. Qb5 Ree7
28. Qc6 Bc7 29. Qd5+ Kh8 30. Rfe1 Bd6 31. Nf7+ Qxf7 32. Qxf7 Rxf7 33. Re8+ Rf8
34. Rxf8+ Bxf8 35. Re8 Kg8 36. Bd5+ Rf7 37. Rxc8 Bf5 38. Rd8 g5 39. hxg5 hxg5
40. Kg2 1-0

[Event "Challenge"]
[Site "http://www.queenalice.com/game.php?id=1329604"]
[Date "2014.12.21"]
[Round "-"]
[White "ORNELAS"]
[Black "ermes72"]
[Result "0-1"]
[WhiteElo "1633"]
[BlackElo "1831"]

1. Nf3 Nc6 2. c3 f6 3. d4 d5 4. e3 a6 5. g3 Bg4 6. Bg2 h5 7. Nbd2 Qd7 8. O-O g5
9. b4 Bh3 10. a3 h4 11. Re1 Bxg2 12. Kxg2 hxg3 13. fxg3 Qh3+ 14. Kg1 g4 15. Nh4
f5 16. Nf1 e6 17. Qe2 Nce7 18. Qf2 Bh6 19. Ra2 Bg5 20. Rae2 Nf6 21. Qg2 Qxg2+
22. Rxg2 O-O-O 23. e4 Bxc1 24. Rxc1 dxe4 25. a4 f4 26. gxf4 Rxh4 27. Ng3 Ned5
28. b5 axb5 29. axb5 Nxf4 30. Rf2 Nh3+ 31. Kf1 Nxf2 32. Kxf2 Rxh2+ 33. Kg1 Rdh8
34. Rf1 Nd5 35. Rf2 Rxf2 36. Kxf2 e3+ 37. Kg2 Nf4+ 38. Kf1 Rh3 39. Ne2 Rh1+ 40.
Ng1 g3 41. c4 g2+ 0-1

[Event "Challenge"]
[Site "http://www.queenalice.com/game.php?id=1333161"]
[Date "2015.1.6"]
[Round "-"]
[White "ermes72"]
[Black "armbar"]
[Result "0-1"]
[WhiteElo "1850"]
[BlackElo "1942"]

1. e4 d6 2. Nc3 Nf6 3. h3 g6 4. Qf3 Bg7 5. Nd5 Nxd5 6. exd5 O-O 7. g4 e6 8. Bc4
exd5 9. Bxd5 c6 10. Bb3 Kh8 11. Ne2 Qe7 12. O-O f5 13. g5 Qxg5+ 14. Qg3 Qxg3+
15. fxg3 b6 16. Nf4 Be5 17. d3 Na6 18. Be6 Nc5 19. Bxc8 Bd4+ 20. Kg2 Raxc8 21.
c3 Be5 22. d4 Bxf4 23. dxc5 Bxc1 24. Raxc1 dxc5 25. Rcd1 Rcd8 26. b3 Rd5 27. c4
Rd4 28. Rde1 Kg7 29. Re7+ Rf7 30. Re6 Rd2+ 31. Kf3 Rxa2 32. Rfe1 Ra3 33. R1e3
Rc7 34. Kf4 Kh6 35. h4 Ra1 36. g4 Rf1+ 37. Rf3 Rxf3+ 38. Kxf3 fxg4+ 39. Kxg4 a6
40. Re8 Rd7 41. Rb8 b5 42. cxb5 cxb5 43. Rb6 Rd4+ 44. Kg3 Rb4 45. Rxa6 Rxb3+ 46.
Kg4 Rb4+ 47. Kh3 Rc4 48. Rf6 b4 49. Rf3 Rc3 0-1

[Event "Challenge"]
[Site "http://www.queenalice.com/game.php?id=1333879"]
[Date "2015.1.9"]
[Round "-"]
[White "AlekinePb"]
[Black "ermes72"]
[Result "1/2-1/2"]
[WhiteElo "1973"]
[BlackElo "1845"]

1. d4 d5 2. Nf3 f6 3. Bf4 g5 4. Bg3 g4 5. Nfd2 Nc6 6. e3 h5 7. h4 Qd7 8. Bb5 a6
9. Bxc6 Qxc6 10. O-O Qb5 11. b3 a5 12. Bxc7 Qb4 13. c4 dxc4 14. Nxc4 Ra6 15. a3
Qb5 16. Qd3 Bf5 17. e4 Rc6 18. Bxa5 b6 19. Bxb6 Rxb6 20. exf5 Qxb3 21. Qe4 Qxc4
22. Nd2 Qc6 23. Qe3 Bh6 24. f4 Qd5 25. Ne4 Rb3 26. Qe2 Qxd4+ 27. Kh1 Re3 28.
Qb5+ Qd7 29. Qb8+ Qd8 30. Qxd8+ Kxd8 31. a4 Rxe4 32. a5 Rb4 33. a6 Rb8 34. a7
Ra8 35. Rfd1+ Kc7 36. Rac1+ Kb7 37. Rd7+ Kb6 38. Rb1+ Ka6 39. Ra1+ Kb6 40. Rb1+
Ka6 41. Ra1+ Kb6 42. Rb1+ Ka6 1/2-1/2

[Event "Challenge"]
[Site "http://www.queenalice.com/game.php?id=1334672"]
[Date "2015.1.13"]
[Round "-"]
[White "armbar"]
[Black "ermes72"]
[Result "1-0"]
[WhiteElo "1929"]
[BlackElo "1839"]

1. e4 e5 2. f4 exf4 3. Nf3 f6 4. Bc4 Qe7 5. d3 c6 6. Bxf4 g5 7. Bg3 f5 8. O-O
Qc5+ 9. Kh1 b5 10. Nxg5 bxc4 11. Qh5+ Kd8 12. Rxf5 d5 13. Nf7+ Kd7 14. Nxh8 Nh6
15. Nc3 Nxf5 16. Qxf5+ Kd8 17. Nf7+ Ke7 18. Bh4+ Ke8 19. Qxc8+ Kxf7 20. Rf1+ Kg7
21. Qg4+ 1-0

[Event "Challenge"]
[Site "http://www.queenalice.com/game.php?id=1336043"]
[Date "2015.1.21"]
[Round "-"]
[White "pancas"]
[Black "ermes72"]
[Result "1-0"]
[WhiteElo "1886"]
[BlackElo "1831"]

1. Nc3 c6 2. Nf3 f6 3. d4 d5 4. e4 dxe4 5. Nxe4 Bf5 6. Bd3 Nh6 7. Bxh6 gxh6 8.
Nc5 Bxd3 9. Qxd3 e5 10. Ne6 Qd6 11. Nxf8 Kxf8 12. O-O-O Na6 13. dxe5 Qxd3 14.
Rxd3 Nb4 15. Rb3 c5 16. a3 Nd5 17. Rxb7 fxe5 18. Nxe5 Kg8 19. Rd1 Nf4 20. Rdd7
Re8 21. Rg7+ 1-0

[Event "Challenge"]
[Site "http://www.queenalice.com/game.php?id=1339299"]
[Date "2015.2.4"]
[Round "-"]
[White "ermes72"]
[Black "Ajunior"]
[Result "0-1"]
[WhiteElo "1834"]
[BlackElo "1818"]

1. e4 c5 2. Bc4 e6 3. e5 g6 4. Nh3 b6 5. Qf3 Nc6 6. d3 Bb7 7. Ng5 Nxe5 8. Qxb7
Nxc4 9. dxc4 h6 10. Ne4 Qc8 11. Qxc8+ Rxc8 12. Bf4 d5 13. cxd5 exd5 14. Nec3 d4
15. Nb5 a6 16. Be5 f6 17. Nd6+ Bxd6 18. Bxd6 Kd7 19. Bf4 Re8+ 20. Kd2 g5 21. Bg3
Ne7 22. Re1 h5 23. h4 Rhf8 24. Na3 b5 25. b3 Nf5 26. Rxe8 Rxe8 27. hxg5 fxg5 28.
f3 Nxg3 29. Re1 Nf5 30. Rxe8 Kxe8 31. Kd3 Ne3 32. Ke4 h4 33. c3 Nxg2 34. cxd4
cxd4 35. Nc2 h3 36. Nxd4 h2 37. Ne2 h1=Q 0-1

[Event "Challenge"]
[Site "http://www.queenalice.com/game.php?id=1339690"]
[Date "2015.2.6"]
[Round "-"]
[White "blackwolf"]
[Black "ermes72"]
[Result "0-1"]
[WhiteElo "1822"]
[BlackElo "1817"]

1. d4 d5 2. c4 c6 3. Nc3 Na6 4. Nf3 f6 5. e3 Bf5 6. Bd3 Bxd3 7. Qxd3 Nb4 8. Qe2
Qd7 9. O-O Qf5 10. Ne1 e6 11. a3 Na6 12. c5 h5 13. Nf3 g5 14. e4 dxe4 15. Qxe4
Qxe4 16. Nxe4 Rd8 17. Be3 Rd5 18. Nc3 Rf5 19. b4 b5 20. Na2 Nc7 21. Nc1 Nd5 22.
Ne2 h4 23. h3 Bh6 24. Nd2 g4 25. hxg4 Nxe3 26. fxe3 Bxe3+ 27. Kh1 Rxf1+ 28. Nxf1
Bf2 29. Kh2 f5 30. gxf5 exf5 31. Ne3 Bxe3 32. Rf1 Rh5 33. Kh3 Nh6 34. g3 hxg3+
35. Kxg3 Ke7 36. Re1 Rg5+ 37. Kf3 Ng4 38. Nc3 Kf6 39. Ne2 Bd2 40. Rd1 Nh2+ 41.
Kf2 Ng4+ 42. Kf3 Be3 43. d5 cxd5 44. Rxd5 Ke6 45. Rd6+ Ke5 46. Ra6 f4 47. Kg2
Nf2+ 48. Kf3 Nd3 49. Nc3 Rg3+ 50. Ke2 Nc1+ 51. Kd1 Rg2 52. Rxa7 Kd4 53. Nb1 Kc4
54. Rb7 Kb3 55. c6 Rg1# 0-1

[Event "Challenge"]
[Site "http://www.queenalice.com/game.php?id=1339691"]
[Date "2015.2.6"]
[Round "-"]
[White "blackwolf"]
[Black "ermes72"]
[Result "0-1"]
[WhiteElo "1839"]
[BlackElo "1817"]

1. d4 d5 2. c4 dxc4 3. Nf3 f6 4. e3 b5 5. Be2 Bg4 6. O-O Nh6 7. Nc3 c6 8. e4 e5
9. dxe5 Qxd1 10. Rxd1 fxe5 11. Bxh6 Bxf3 12. Bxg7 Bxe2 13. Nxe2 Bxg7 14. Ng3 O-O
15. Rd2 Bh6 16. Rd6 Bf4 17. Rad1 Bxg3 18. hxg3 c5 19. R6d5 Nc6 20. f3 Rad8 21.
Rxd8 Nxd8 22. Rd5 a6 23. Rxe5 Nb7 24. Rd5 Rd8 25. Rxd8+ Nxd8 26. Kh2 Kf7 27. g4
Ne6 28. Kg3 Nd4 29. Kf2 Ke6 30. f4 h6 31. g3 a5 32. Ke3 b4 33. Kf2 c3 34. bxc3
bxc3 35. Ke1 c2 36. Kd2 a4 37. Kc1 a3 38. Kd2 c4 39. Kc1 c3 40. g5 h5 41. f5+
Kf7 42. g6+ Kg7 43. e5 Nxf5 44. Kxc2 Kxg6 45. Kxc3 Nxg3 46. Kd3 h4 0-1

[Event "Challenge"]
[Site "http://www.queenalice.com/game.php?id=1348135"]
[Date "2015.3.17"]
[Round "-"]
[White "Vonrunstedt"]
[Black "ermes72"]
[Result "1-0"]
[WhiteElo "1833"]
[BlackElo "1833"]

1. e4 e5 2. f4 exf4 3. Nf3 d6 4. Bc4 Be6 5. Bxe6 fxe6 6. d4 Qd7 7. Bxf4 h6 8. h3
g5 9. Bg3 Nf6 10. Nc3 Nh5 11. Bh2 a6 12. O-O Bg7 13. e5 dxe5 14. Bxe5 O-O 15.
Qd3 Nf4 16. Qe4 c6 17. Kh2 Qe8 18. g3 Nd5 19. Ne2 Nd7 20. Bd6 N7f6 21. Qd3 Qh5
22. Bxf8 g4 23. Nfg1 gxh3 24. Bxg7 Ng4+ 25. Kh1 Kxg7 26. Nf4 Qf5 27. Qxf5 exf5
28. Nxd5 cxd5 29. Rxf5 h2 30. Nh3 Kg6 31. Rxd5 Rf8 32. Nf4+ Kf6 33. Re1 Kf7 34.
Rd7+ Kf6 35. Ree7 b5 36. Nd5+ Kg5 37. Rg7+ Kf5 38. Rdf7+ Rxf7 39. Rxf7+ Ke6 40.
Rf4 h5 41. Nc7+ Kd6 42. Nxa6 Kd5 43. b3 Kd6 44. Rf5 h4 45. gxh4 Kc6 46. Rf4 Ne3
47. Nb4+ Kb6 48. h5 Kc7 49. h6 1-0

[Event "Challenge"]
[Site "http://www.queenalice.com/game.php?id=1348167"]
[Date "2015.3.18"]
[Round "-"]
[White "smcneil"]
[Black "ermes72"]
[Result "1-0"]
[WhiteElo "1888"]
[BlackElo "1803"]

1. e4 e5 2. Nf3 f6 3. d4 d6 4. d5 Bg4 5. h3 Bxf3 6. Qxf3 c5 7. dxc6 Nxc6 8. Nc3
Nd4 9. Qd3 a6 10. Be3 Ne7 11. Bxd4 exd4 12. Qxd4 Nc6 13. Qd5 Nb4 14. Qe6+ Qe7
15. Qxe7+ Bxe7 16. Bd3 Rc8 17. O-O Rc5 18. a3 Nc6 19. Nd5 Kd8 20. b4 Rxd5 21.
exd5 Nd4 22. Rfe1 f5 23. c3 Nb3 24. Rab1 Nd2 25. Rb2 Bg5 26. Bxf5 Nc4 27. Rb3 g6
28. Be6 Re8 29. g3 Nd2 30. h4 Nf3+ 31. Kf1 Bd2 32. Re2 Rf8 33. Kg2 b5 34. c4 Nd4
35. Rxd2 Nxb3 36. Rc2 Nd4 37. Rc3 Ke7 38. c5 Nxe6 39. dxe6 dxc5 40. Rxc5 Kd6 41.
e7 Kxe7 42. Rc7+ Kd6 43. Rxh7 Ra8 44. Rh6 Rg8 45. h5 Ke6 46. Rxg6+ Rxg6 47. hxg6
Kf6 48. Kf3 Kxg6 49. Ke4 Kg5 50. Kd5 Kg4 51. Kc6 Kf3 52. Kb6 Kxf2 53. g4 Kf3 54.
g5 Kf4 55. g6 Ke4 56. g7 Kd4 57. g8=Q 1-0

[Event "Challenge"]
[Site "http://www.queenalice.com/game.php?id=1348168"]
[Date "2015.3.18"]
[Round "-"]
[White "ermes72"]
[Black "smcneil"]
[Result "0-1"]
[WhiteElo "1817"]
[BlackElo "1874"]

1. Nf3 c5 2. e3 b6 3. c4 Bb7 4. Nc3 g6 5. Qa4 Bxf3 6. gxf3 Bg7 7. Ne4 Nc6 8. a3
Nf6 9. d3 O-O 10. f4 Nxe4 11. dxe4 e6 12. e5 Qb8 13. b4 Qb7 14. Bg2 Qc7 15. Bxc6
dxc6 16. Bb2 Rfd8 17. O-O Bf8 18. Qc2 cxb4 19. axb4 Bxb4 20. Bc3 Bc5 21. h4 h5
22. Rad1 Rxd1 23. Rxd1 Qe7 24. Qe4 Rc8 25. Qh1 Rd8 26. Bd4 Bb4 27. Kg2 c5 28.
Bb2 Rxd1 29. Qxd1 Qxh4 30. Qh1 Qd8 31. Qa1 Qa8+ 32. Kg1 a5 33. Qd1 Qe4 34. Kf1
Qxc4+ 35. Qe2 Qxe2+ 36. Kxe2 c4 37. Kd1 a4 38. Kc2 a3 39. Bd4 b5 40. e4 h4 41.
f3 h3 42. Bg1 Bc5 43. Bh2 b4 44. Kb1 b3 0-1

[Event "Challenge"]
[Site "http://www.queenalice.com/game.php?id=1349442"]
[Date "2015.3.23"]
[Round "-"]
[White "Camy"]
[Black "ermes72"]
[Result "0-1"]
[WhiteElo "1746"]
[BlackElo "1790"]

1. d4 d5 2. c4 dxc4 3. e3 b5 4. a3 e6 5. Nc3 a6 6. b4 c6 7. Nf3 a5 8. Bd2 axb4
9. axb4 Rxa1 10. Qxa1 Bxb4 11. Be2 f6 12. O-O Ne7 13. Qb2 Na6 14. Ne4 Nd5 15.
Nc5 c3 16. Bxc3 Nxc3 17. Bd3 Bxc5 18. Qxc3 Bb4 19. Qxc6+ Qd7 20. Qe4 Bb7 21. Qh4
g5 22. Qh5+ Kd8 23. e4 Rg8 24. e5 g4 25. Bxh7 Rg7 26. exf6 Rxh7 27. Qg6 Qf7 28.
Qxg4 Bxf3 29. Qxf3 Bd6 30. Qa8+ Nb8 31. Rc1 Bxh2+ 32. Kf1 Bf4 33. Rb1 Rh1+ 34.
Ke2 Rxb1 35. Qa5+ Bc7 36. Qc3 b4 37. Qd3 Qh5+ 38. f3 Qh1 39. Qg6 Qf1+ 40. Ke3
Qe1+ 41. Kd3 Rb3+ 42. Kc4 Qc3+ 43. Kb5 Qc6# 0-1